000 00997nam a2200241 a 4500
001 71228
003 BD-RjUL
005 20211209082106.0
008 170429s1993 bg ||||| |b|| 00| 0 ben d
020 _a9844060508
_c : Tk. 75.00
035 _a(BD-RjUL)71443
040 _aBD-RjUL
_bben
_cBD-RjUL
_dBD-RjUL
041 _aben
082 _223
_a900.61
_bRAU 1993
100 1 0 _aরহমান, এ. এইচ. এম শামসুর
_9210741
245 1 0 _aউত্তর আফ্রিকা ও মিশরে ফাতিমীয়দের ইতিহাস /
_cএ. এইচ. এম শামসুর রহমান
260 _aঢাকা :
_bস্টুডেন্ট ওয়েজ,
_c১৯৯৩
300 _a১০৮ পৃ. ;
_c২০ সেমি.
504 _aগ্রন্থপঞ্জি সম্বলিত
650 _aইতিহাস
_zউত্তর আফ্রিকা
_9210742
650 _aHistory
_zNorth Africa
_9210743
942 _2ddc
_cBK
999 _c71228
_d71228